[Event "IMP Kobiet do lat 20"]
[Site "Chotowa"]
[Date "2023.10.31"]
[Round "9.10"]
[White "Slusarczyk, Anna"]
[Black "Labedz, Gabriela"]
[Result "1-0"]
[BlackElo "1547"]
[WhiteElo "1730"]
[LiveChessVersion "1.4.8"]

1. d4 {[%clk 1:30:58]} d5 {[%clk 1:30:56]} 2. Nf3 {[%clk 1:31:20]} e6
{[%clk 1:31:18]} 3. e3 {[%clk 1:31:43]} Nf6 {[%clk 1:31:41]} 4. Bd3
{[%clk 1:32:07]} c5 {[%clk 1:32:02]} 5. b3 {[%clk 1:32:31]} Bd6 {[%clk 1:29:22]}
6. Bb2 {[%clk 1:32:46]} Nc6 {[%clk 1:29:25]} 7. O-O {[%clk 1:30:55]} O-O
{[%clk 1:29:11]} 8. a3 {[%clk 1:31:09]} b6 {[%clk 1:29:08]} 9. Ne5
{[%clk 1:31:07]} Bb7 {[%clk 1:27:12]} 10. Nd2 {[%clk 1:28:43]} Ne7
{[%clk 1:20:27]} 11. Qf3 {[%clk 1:20:53]} Qc7 {[%clk 1:15:51]} 12. Qh3
{[%clk 1:19:46]} Ne4 {[%clk 1:11:13]} 13. Ndf3 {[%clk 1:02:17]} h6
{[%clk 1:04:01]} 14. dxc5 {[%clk 0:46:25]} bxc5 {[%clk 1:01:20]} 15. Ng4
{[%clk 0:43:46]} Nf5 {[%clk 0:51:13]} 16. Rad1 {[%clk 0:30:58]} c4
{[%clk 0:46:16]} 17. Bxe4 {[%clk 0:25:47]} dxe4 {[%clk 0:46:21]} 18. Nd4
{[%clk 0:25:40]} Nxd4 {[%clk 0:40:56]} 19. Rxd4 {[%clk 0:18:45]} c3
{[%clk 0:33:03]} 20. Rc4 {[%clk 0:12:08]} Qe7 {[%clk 0:32:57]} 21. Bxc3
{[%clk 0:11:17]} e5 {[%clk 0:31:25]} 22. Qg3 {[%clk 0:05:41]} Qe6
{[%clk 0:25:34]} 23. Rd1 {[%clk 0:03:31]} Rfd8 {[%clk 0:16:53]} 24. f4
{[%clk 0:03:28]} exf4 {[%clk 0:13:38]} 25. exf4 {[%clk 0:02:34]} Ba6
{[%clk 0:11:14]} 26. Rxe4 {[%clk 0:02:03]} Bxf4 {[%clk 0:09:05]} 27. Rxd8+
{[%clk 0:01:43]} Rxd8 {[%clk 0:09:31]} 28. Qf3 {[%clk 0:00:39]} Qb6+
{[%clk 0:07:10]} 29. Nf2 {[%clk 0:00:56]} Bg5 {[%clk 0:04:36]} 30. Re1
{[%clk 0:00:33]} Bb7 {[%clk 0:03:08]} 31. Qf5 {[%clk 0:00:32]} Qc6
{[%clk 0:02:29]} 32. Qh3 {[%clk 0:00:35]} Rc8 {[%clk 0:02:21]} 33. Ne4
{[%clk 0:00:31]} Re8 {[%clk 0:01:21]} 34. Nxg5 {[%clk 0:00:42]} Rxe1+
{[%clk 0:01:09]} 35. Bxe1 {[%clk 0:01:09]} Qc5+ {[%clk 0:01:18]} 36. Kh1
{[%clk 0:00:54]} Qxg5 {[%clk 0:01:30]} 37. Qg3 {[%clk 0:00:42]} Qf5
{[%clk 0:01:24]} 38. Qf2 {[%clk 0:00:38]} Qe4 {[%clk 0:01:05]} 39. h3
{[%clk 0:00:42]} Bc8 {[%clk 0:01:01]} 40. Kh2 {[%clk 0:30:49]} Bf5
{[%clk 0:31:03]} 41. c4 {[%clk 0:29:27]} Be6 {[%clk 0:28:24]} 42. Bc3
{[%clk 0:26:52]} Qb7 {[%clk 0:27:41]} 43. Qg3 {[%clk 0:23:27]} g6
{[%clk 0:27:24]} 44. Qd6 {[%clk 0:14:22]} Qc8 {[%clk 0:25:45]} 45. Qe5
{[%clk 0:12:02]} Kf8 {[%clk 0:25:43]} 46. Qh8+ {[%clk 0:12:20]} Ke7
{[%clk 0:26:07]} 47. Bb4+ {[%clk 0:12:26]} Kd7 {[%clk 0:26:24]} 48. Qd4+
{[%clk 0:12:50]} Ke8 {[%clk 0:26:14]} 49. Qxa7 {[%clk 0:13:02]} Bd7
{[%clk 0:25:53]} 50. Qc5 {[%clk 0:12:08]} Qb8+ {[%clk 0:24:51]} 51. Qd6
{[%clk 0:12:30]} Qxd6+ {[%clk 0:24:13]} 52. Bxd6 {[%clk 0:12:54]} Kd8
{[%clk 0:24:27]} 53. Kg3 {[%clk 0:10:41]} g5 {[%clk 0:24:12]} 54. Kf2
{[%clk 0:10:21]} f5 {[%clk 0:24:28]} 55. Ke3 {[%clk 0:09:28]} h5 {[%clk 0:23:47]}
56. g3 {[%clk 0:08:37]} Bc6 {[%clk 0:23:16]} 57. h4 {[%clk 0:08:10]} 1-0

[Event "IMP Kobiet do lat 20"]
[Site "Chotowa"]
[Date "2023.10.31"]
[Round "9.11"]
[White "Bukala, Weronika"]
[Black "Woytitzki, Sophie"]
[Result "1-0"]
[BlackElo "1259"]
[WhiteElo "1917"]
[LiveChessVersion "1.4.8"]

1. e4 {[%clk 1:28:49]} e6 {[%clk 1:30:50]} 2. d4 {[%clk 1:29:11]} d5
{[%clk 1:31:16]} 3. Nd2 {[%clk 1:29:36]} Be7 {[%clk 1:31:34]} 4. Bd3
{[%clk 1:28:17]} c5 {[%clk 1:28:43]} 5. exd5 {[%clk 1:28:29]} Qxd5
{[%clk 1:28:23]} 6. Ngf3 {[%clk 1:27:43]} Nf6 {[%clk 1:25:31]} 7. dxc5
{[%clk 1:27:12]} Bxc5 {[%clk 1:24:51]} 8. O-O {[%clk 1:26:43]} O-O
{[%clk 1:22:50]} 9. Nb3 {[%clk 1:25:01]} Bb6 {[%clk 1:22:45]} 10. Bg5
{[%clk 1:20:01]} Nbd7 {[%clk 1:19:43]} 11. c4 {[%clk 1:15:54]} Qc6
{[%clk 1:19:26]} 12. Bf4 {[%clk 1:07:12]} Nc5 {[%clk 1:16:48]} 13. Ne5
{[%clk 1:00:03]} Qe8 {[%clk 1:14:51]} 14. Nxc5 {[%clk 0:54:12]} Bxc5
{[%clk 1:15:05]} 15. Bg5 {[%clk 0:50:53]} Be7 {[%clk 1:12:21]} 16. Qf3
{[%clk 0:48:27]} a5 {[%clk 1:01:59]} 17. Qh3 {[%clk 0:42:54]} g6 {[%clk 0:54:20]}
18. Bh6 {[%clk 0:42:54]} a4 {[%clk 0:53:41]} 19. Bxf8 {[%clk 0:42:08]} Qxf8
{[%clk 0:52:46]} 20. b3 {[%clk 0:41:42]} Bd6 {[%clk 0:45:54]} 21. Ng4
{[%clk 0:40:19]} Nxg4 {[%clk 0:45:07]} 22. Qxg4 {[%clk 0:40:46]} Ra5
{[%clk 0:40:01]} 23. h3 {[%clk 0:40:21]} Rh5 {[%clk 0:39:21]} 24. Be2
{[%clk 0:34:04]} Qe7 {[%clk 0:18:31]} 25. c5 {[%clk 0:28:01]} Bb8
{[%clk 0:13:29]} 26. Rad1 {[%clk 0:17:49]} Bd7 {[%clk 0:11:42]} 27. Qc4
{[%clk 0:12:50]} Rg5 {[%clk 0:10:54]} 28. Bf3 {[%clk 0:09:33]} Bc6
{[%clk 0:09:54]} 29. Bxc6 {[%clk 0:09:02]} Qc7 {[%clk 0:10:09]} 30. f4
{[%clk 0:08:46]} bxc6 {[%clk 0:09:33]} 31. fxg5 {[%clk 0:06:21]} Qh2+
{[%clk 0:09:54]} 32. Kf2 {[%clk 0:06:49]} Qg3+ {[%clk 0:09:55]} 33. Ke2
{[%clk 0:07:06]} Qxg2+ {[%clk 0:10:04]} 34. Rf2 {[%clk 0:07:06]} Qxg5
{[%clk 0:10:24]} 35. Qd4 {[%clk 0:06:25]} Bc7 {[%clk 0:09:12]} 36. Qf6
{[%clk 0:06:03]} Qh5+ {[%clk 0:06:53]} 37. Rf3 {[%clk 0:06:16]} Qe5+
{[%clk 0:04:53]} 38. Qxe5 {[%clk 0:06:40]} Bxe5 {[%clk 0:05:21]} 39. Rd8+
{[%clk 0:06:42]} Kg7 {[%clk 0:05:39]} 40. Rd7 {[%clk 0:37:01]} h5
{[%clk 0:34:56]} 41. Rfxf7+ {[%clk 0:37:06]} Kh6 {[%clk 0:35:16]} 42. h4
{[%clk 0:37:31]} g5 {[%clk 0:35:25]} 43. Rd6 {[%clk 0:37:27]} Bxd6
{[%clk 0:35:02]} 44. cxd6 {[%clk 0:37:53]} gxh4 {[%clk 0:35:25]} 45. d7
{[%clk 0:38:16]} h3 {[%clk 0:35:51]} 46. d8=Q {[%clk 0:38:39]} h2
{[%clk 0:36:19]} 47. Qf6# {[%clk 0:38:59]} 1-0